书目信息 |
| 题名: |
社会经济统计词典
|
|
| 作者: | 熊大凤 , 颜日初 主编 ;陆华铎 编 | |
| 分册: | ||
| 出版信息: | 武汉 湖北人民出版社 1985 |
|
| 页数: | 644页 | |
| 开本: | 19cm | |
| 丛书名: | ||
| 单 册: | ||
| 中图分类: | F222-61 | |
| 科图分类: | ||
| 主题词: | 经济统计学--词典 | |
| 电子资源: | ||
| ISBN: | ||
| 000 | 00741nam0 2200253 45 | |
| 001 | 0185002442 | |
| 005 | 20050404112844.2 | |
| 010 | @b精装@dCNY4.45 | |
| 091 | @a1706.65 | |
| 100 | @a19900823d1985 kemy0chiy0121 ea | |
| 101 | 0 | @achi |
| 102 | @aCN@b420000 | |
| 105 | @ay e 001yy | |
| 200 | 10 | @a社会经济统计词典@Ashe hui jing ji tong ji ci dian@f熊大凤, 颜日初主编@FXiong Da Feng,Yan Ri Chu Zhu Bian@g陆华铎等编 |
| 210 | @a武汉@c湖北人民出版社@d1985 | |
| 215 | @a644页@d19cm | |
| 606 | 0 | @a经济统计学@x词典 |
| 690 | @aF222-61@v3 | |
| 701 | 0 | @a熊大凤@4主编 |
| 701 | 0 | @a颜日初@4主编 |
| 702 | 0 | @a陆华铎@Alu hua duo@4编 |
| 801 | 0 | @aCN@b深圳图书馆@c20050404 |
| 801 | 2 | @aCN@bNLC@c20050404 |
| 905 | @f2@b153646-647@dF222-61@e74 | |
| 社会经济统计词典/熊大凤, 颜日初主编/陆华铎等编.-武汉:湖北人民出版社,1985 |
| 644页;19cm |
| ISBN (精装):CNY4.45 |
| ● |
| 相关链接 |
|
|
|
|
正题名:社会经济统计词典
索取号:F222-61/74
 
预约/预借
| 序号 | 登录号 | 条形码 | 馆藏地/架位号 | 状态 | 备注 |
| 1 | 0153646 | 001576832 | 密集书库/ [索取号:F222-61/74] | 在馆 | |
| 2 | 0153647 | 001576823 | 密集书库/ [索取号:F222-61/74] | 在馆 | |
| 3 | 0153648 | 001576814 | 第一样本阅览室/ [索取号:F222-61/74] | 在馆 |